000 00818nam a2200289Ia 4500
005 20260324150346.0
008 008 260324s9999 xx 000 0 eng d
020 _a9780429057700
037 _aEBOOK
040 _aCRL
040 _beng
040 _cCRL
041 _2eng
041 _aeng
084 _qCRL
100 _aWilliam Dodd
_91226144
245 4 _aThe Factory System Illustrated
245 0 _bIn a series of letters to the Right Hon. Lord Ashley ... Together with a Narrative of the Experience and Sufferings of William Dodd, a Factory cripple, written by himself
260 _bTaylor and Francis
260 _c1968
365 _a
365 _b180
856 _uhttp://www.taylorfrancis.com/books/9780429057700
942 _cEBOOK
999 _c1835468
_d1835468